Capitales Américaines - Statistiques

Statistiques générales
  • Ce quiz a été pris 720 fois
  • Le résultat moyen est 22 sur 35
Statistiques - réponses
Pays Capital % Correct
Argentine Buenos Aires
96%
Brésil Brasilia
94%
Etats Unis Washington
93%
Mexique Mexico
91%
Canada Ottawa
91%
Pérou Lima
84%
Colombie Bogota
82%
Cuba La Havane
81%
Chili Santiago
80%
Panama Panama
78%
Uruguay Montevideo
72%
Equateur Quito
72%
Venezuela Caracas
70%
Bolivie La Paz
70%
Guatemala Guatemala
69%
Jamaique Kingston
66%
Haiti Port-au-Prince
62%
Salvador San Salvador
61%
Paraguay Asuncion
60%
République Dominicaine Saint-Domingue
58%
Costa Rica San José
56%
Bahamas Nassau
51%
Guyana Georgetown
48%
Nicaragua Managua
45%
Honduras Tegucigalpa
45%
Belize Belmopan
44%
Suriname Paramaribo
44%
Trinité et Tobago Port-d'Espagne
41%
Dominique Roseau
38%
Antigua-et-Barbuda Saint John's
38%
Saint Vincent et les Grenadines Kingstown
37%
Barbade Bridgetown
36%
Saint Christophe et Niévès Basseterre
35%
Sainte Lucie Castries
35%
Grenade Saint-Georges
34%
Aucun quiz correspondant
Distribution des résultats
% des personnes avec chaque résultat
Percentile par nombre de réponses
Votre historique - résultats
Vous n’avez pas pris ce quiz